000 00191 a2200097 4500
001 27768
100 _aRDA,
245 _aBook home improvements
260 _a
_bRDA
_c
090 _c18561
_d18561
942 _aNUST-CAE
_cM
_c9515
999 _c262841
_d262841